=LDR 00000nam 2200000 4500 =001 INLIS000000000017822 =005 20130612113031 =008 ***********************************Ind** =035 ##$$0010-061300000017822 =041 ##$$a Ind =082 ##$$a 347.05 =090 ##$$a 347.05, Ras h =100 ##$$a Rasaid, M. Nur =245 ##$$a Hukum acara perdata, M.Nur Rasaid =260 ##$$a 2005 $b Jakarta =300 ##$$a x, 94 hlm, 21 cm =650 ##$$a Hukum acara perdata =850 ##$$a NBPNMAT